000 00634nam a2200181Ia 4500
008 151018s9999 xx 000 0 und d
082 _bRBASDV64379
_a891.463
100 _aतानाजी शिंदे
245 _aहोती डांबरटवाडी
250 _b1
260 _b"निखील प्रकाशन, कोल्हापूर"
_c2014
300 _a88
600 _aतानाजी शिंदे
630 _aहोती डांबरटवाडी
700 _aतानाजी शिंदे
730 _aहोती डांबरटवाडी
942 _cBOOK
999 _c1056719
_d1056716